TOP 50 aktorów według rankingu filmweb.pl - Statystyki

Ogólne statystyki
  • Ten quiz został rozwiązany 2 592 razy
  • Średni wynik to 17 z 50
Statystyki odpowiedzi
LP. Inicjały Film Aktor % Poprawnych
2. LD Krwawy Diament Leonardo DiCaprio
78%
4. BP Wywiad z wampirem Brad Pitt
72%
3. TH Most Szpiegów Tom Hanks
67%
1. JD Marzyciel Johnny Depp
57%
27. TB Tim Burton - błąd filmweb Tim Burton
57%
5. RDN Kasyno Robert De Niro
56%
13. RDJ Sędzia Robert Downey Jr.
53%
14. QT Cztery pokoje Quentin Tarantino
52%
6. AP Życie Carlita Al Pacino
49%
7. MF Wożąc panią Daisy Morgan Freeman
44%
35. TC Ostatni samuraj Tom Cruise
44%
16. WS W pogoni za szczęściem Will Smith
44%
9. JN Batman Jack Nicholson
42%
20. CE Brudny Harry Clint Eastwood
40%
49. HF Łowca androidów Harrison Ford
40%
23. SLJ Negocjator Samuel L. Jackson
40%
8. AH Rytuał Anthony Hopkins
37%
10. BW 12 małp Bruce Willis
37%
34. MG Patriota Mel Gibson
35%
40. OB Troja Orlando Bloom
35%
37. AS Nie zadzieraj z fryzjerem Adam Sandler
34%
30. HJ Labirynt Hugh Jackman
34%
28. KR Adwokat diabła Keanu Reeves
34%
15. NC Next Nicolas Cage
34%
42. VD Kroniki Riddicka Vin Diesel
34%
22. DW Deja Vu Denzel Washington
31%
18. RG Drive Ryan Gosling
31%
11. EN Iluzjonista Edward Norton
30%
43. MD Elizjum Matt Damon
30%
17. CB Equlibrium Christian Bale
29%
47. JR Goście, goście Jean Reno
28%
21. HL Zakochana Złośnica Heath Ledger
26%
19. JS Adrenalina Jason Statham
25%
38. BC Ugotowany Bradley Cooper
24%
36. RW Buntownik z wyboru Robin Williams
24%
26. KS Podejrzani Kevin Spacey
21%
39. SC Pozdrowienia z Rosji Sean Connery
20%
50. CT 21 Jump Street Channing Tatum
19%
33. CF Kingsman: Tajne służby Colin Firth
19%
25. GO Sid i Nancy Gary Oldman
19%
12. JC Numer 23 Jim Carrey
19%
29. LN Tożsamość Liam Neeson
19%
44. RF Lektor Ralph Fiennes
15%
45. JL Bliżej Jude Law
13%
24. RC Dla niej wszystko Russel Crowe
13%
46. AR Pachnidło: Historia mordercy Alan Rickman
11%
32. HL Nocny recepcjonista Hugh Laurie
11%
31. JG Kod nieśmiertelności Jake Gyllenhaal
11%
48. GB Prawo zemsty Gerard Butler
10%
41. EM Trainspotting Ewan McGregor
8%
Nie znaleziono quizów pasujących do podanych kryteriów
Rozkład punktacji
Procent ludzi z każdym wynikiem
Percentyl według liczby udzielonych odpowiedzi
Twoja historia wyników
Nie rozwiązałeś tego quizu